书目信息 |
| 题名: |
汤姆索亚历险记
|
|
| 作者: | 马克·吐温 著 ;谭旭东 主编 | |
| 分册: | ||
| 出版信息: | 长春 吉林人民出版社 2017 |
|
| 页数: | 132页 | |
| 开本: | 21cm | |
| 丛书名: | ||
| 单 册: | ||
| 中图分类: | I712.84 | |
| 科图分类: | ||
| 主题词: | 儿童文学--长篇小说--美国--近代 | |
| 电子资源: | ||
| ISBN: | 978-7-206-13427-2 | |
| 000 | 00748nam0 2200229 450 | |
| 001 | 5308 | |
| 005 | 20180528193708.59 | |
| 010 | @a978-7-206-13427-2@dCNY19.90 | |
| 100 | @a20180217d2017 cemy0chiy50 ea | |
| 101 | 1 | @achi@ceng |
| 102 | @aCN@b220000 | |
| 105 | @aa z 000ay | |
| 200 | 1 | @a汤姆索亚历险记@9tang mu suo ya li xian ji@f(美)马克·吐温著@g谭旭东主编 |
| 210 | @a长春@c吉林人民出版社@d2017 | |
| 215 | @a132页@c彩图@d21cm | |
| 300 | @a小豆子彩书坊 世界儿童文学名著 彩绘本 | |
| 606 | 0 | @a儿童文学@x长篇小说@y美国@z近代 |
| 690 | @aI712.84@v5 | |
| 701 | 0 | @c(美)@a马克·吐温@9ma ke·tu wen@c(Mark Twain@f1835-1910)@4著 |
| 702 | 0 | @a谭旭东@9tan xu dong@f(1969-)@4主编 |
| 801 | 0 | @aCN@b91MARC@c20180217 |
| 905 | @aMuseLib@dI712.84@e1076 | |
| 汤姆索亚历险记/(美)马克·吐温著/谭旭东主编.-长春:吉林人民出版社,2017 |
| 132页:彩图;21cm |
| 小豆子彩书坊 世界儿童文学名著 彩绘本 |
| ISBN 978-7-206-13427-2:CNY19.90 |
| ● |
| 相关链接 |
|
|
|
|
正题名:汤姆索亚历险记
索取号:I712.84/1076
 
预约/预借
| 序号 | 登录号 | 条形码 | 馆藏地/架位号 | 状态 | 备注 |
| 1 | 1112799 | 211127993 | 第一样本阅览室/ [索取号:I712.84/1076] | 在馆 | |
| 2 | 1112800 | 211128000 | 教育系资料室/ [索取号:I712.84/1076] | 在馆 | |
| 3 | 1112801 | 211128019 | 教育系资料室/ [索取号:I712.84/1076] | 在馆 | |
| 4 | 1112802 | 211128028 | 第二借阅区/ [索取号:I712.84/1076] |
已借出,限还日期为2022.10.03 借出人:李娜 |